000 00324nam a2200145Ia 4500
100 _aSyllabus
650 _aAutomobiles
942 _cBK
654 _aSyllabus
245 _aSyllabus For IInd Year Diploma in Computer Engg.From 2002
260 _bBhavik Book Centre
300 _a72
546 _aENGLISH
999 _c28913
_d28913